[Event "5. Nord-West-Cup"]
[Site "?"]
[Date "2003.??.??"]
[Round "7"]
[White "Korba, Roman"]
[Black "Kharchenko, Denis"]
[Result "1-0"]
[WhiteElo "2096"]
[BlackElo "2206"]
[PlyCount "83"]

1. c4 Nf6 2. Nf3 e6 3. g3 d5 4. Bg2 Be7 5. O-O O-O 6. d4 Nbd7 7. Qc2 Re8 8. b3
Nf8 9. Bb2 b6 10. Ne5 Bb7 11. Nd2 Ng6 12. Rfd1 c5 13. e3 Rc8 14. Rac1 Qc7 15.
cxd5 exd5 16. Ndf3 Ne4 17. Nxg6 hxg6 18. Ne5 Red8 19. f3 Ng5 20. h4 Ne6 21. Bh3
Qd6 22. Qe2 cxd4 23. exd4 Bf6 24. f4 Bxe5 25. fxe5 Qe7 26. Qd3 Rxc1 27. Rxc1
Bc8 28. Bg2 Qb7 29. Qb5 Qa6 30. Qxa6 Bxa6 31. Kf2 Kf8 32. Ke3 Ke8 33. Ba3 Bb7
34. Bd6 f5 35. Bf1 a6 36. Bd3 Kd7 37. h5 Rh8 38. hxg6 Rh5 39. Rf1 Rg5 40. Rf3
Rxg6 41. Bxf5 Rh6 42. Bg4 1-0

[Event "5. Nord-West-Cup"]
[Site "?"]
[Date "2003.??.??"]
[Round "7"]
[White "zur Brügge, Carsten"]
[Black "Kolthoff, Siegmund"]
[Result "1-0"]
[WhiteElo "2103"]
[BlackElo "2180"]
[PlyCount "63"]

1. e4 e6 2. d4 d5 3. Nc3 Nf6 4. Bg5 Bb4 5. e5 h6 6. Bd2 Bxc3 7. bxc3 Ne4 8. Qg4
Kf8 9. h4 c5 10. Bd3 Nxd2 11. Kxd2 Nc6 12. Nf3 c4 13. Be2 b5 14. h5 Bd7 15. a3
a5 16. Rhb1 Rb8 17. g3 Qe7 18. Qf4 Kg8 19. g4 b4 20. axb4 axb4 21. cxb4 Rxb4
22. g5 Rxb1 23. Rxb1 Be8 24. c3 Qa3 25. Bd1 Qe7 26. Ra1 Qb7 27. Bc2 hxg5 28.
Qxg5 Kf8 29. Rg1 f6 30. exf6 Rxh5 31. fxg7+ Kg8 32. Qxh5 1-0

[Event "5. Nord-West-Cup"]
[Site "?"]
[Date "2003.??.??"]
[Round "7"]
[White "Becker, Markus"]
[Black "Kerker, Andreas"]
[Result "1/2-1/2"]
[WhiteElo "1889"]
[BlackElo "2151"]
[PlyCount "91"]

1. Nc3 c5 2. f4 Nc6 3. Nf3 g6 4. e3 Bg7 5. Be2 Nf6 6. O-O O-O 7. h3 d5 8. d4
cxd4 9. exd4 Ne4 10. Bb5 Ng3 11. Re1 Nf5 12. Bxc6 bxc6 13. Na4 Re8 14. c3 Qd6
15. Nc5 f6 16. g4 Nh6 17. Qe2 Nf7 18. Ne6 Bxe6 19. Qxe6 Qxe6 20. Rxe6 Nd8 21.
Re2 Nb7 22. f5 gxf5 23. gxf5 Nd6 24. Nh4 Ne4 25. Bf4 Kf7 26. Rc1 e5 27. fxe6+
Rxe6 28. Nf5 Ng5 29. Rxe6 Nxe6 30. Nxg7 Nxf4 31. Rf1 Nxh3+ 32. Kh2 Kxg7 33.
Kxh3 Re8 34. Rf2 Re4 35. Kg3 Kg6 36. Kf3 h5 37. Rg2+ Kf7 38. Rg1 a5 39. Rh1 h4
40. Rg1 f5 41. Rg5 Kf6 42. Rg8 Re6 43. a4 Re7 44. Rh8 Kg5 45. Rg8+ Kf6 46. Rh8
1/2-1/2

[Event "5. Nord-West-Cup"]
[Site "?"]
[Date "2003.??.??"]
[Round "7"]
[White "Großkopf, Lars"]
[Black "Groothoff, Franz"]
[Result "0-1"]
[WhiteElo "2142"]
[BlackElo "1967"]
[PlyCount "122"]

1. d4 Nf6 2. Bg5 e6 3. Nf3 c5 4. c3 Be7 5. e3 b6 6. Bd3 Bb7 7. Nbd2 cxd4 8.
exd4 O-O 9. Qe2 d6 10. O-O Nbd7 11. Rfe1 Re8 12. Rad1 a6 13. Nf1 Nf8 14. Ng3
Ng6 15. a3 b5 16. h3 Bc6 17. Bc1 Nd5 18. Bb1 Ndf4 19. Bxf4 Nxf4 20. Qe3 Ng6 21.
Ne4 Qc7 22. Nfg5 Bd5 23. f4 Bxe4 24. Bxe4 d5 25. Bxg6 hxg6 26. Nf3 Bd6 27. Ne5
a5 28. Rc1 Rec8 29. Rf1 Qe7 30. g3 Qe8 31. Qd2 Rab8 32. Nd3 Rc4 33. h4 Qe7 34.
b4 axb4 35. axb4 Qf6 36. Nc5 Bxc5 37. bxc5 b4 38. Rfd1 b3 39. Rb1 Qf5 40. Qd3
Qh3 41. Rd2 Ra8 42. Rh2 Qg4 43. Rhb2 Ra2 44. Rxb3 Qh3 45. R3b2 Rca4 46. Rc2
R4a3 47. Rxa2 Rxa2 48. Qf3 Qh2+ 49. Kf1 Qc2 50. Rd1 Ra3 51. Qd3 Qh2 52. Qe3 Qb2
53. Qd2 Qb3 54. Qd3 Ra2 55. Rb1 Qa3 56. c6 Rh2 57. Kg1 Qa2 58. Rb8+ Kh7 59. Qf3
Rc2 60. c7 Qa1+ 61. Qf1 Qxc3 0-1

[Event "5. Nord-West-Cup"]
[Site "?"]
[Date "2003.??.??"]
[Round "7"]
[White "Potthammel, Jörg"]
[Black "Böhme, Arne"]
[Result "1-0"]
[WhiteElo "2107"]
[BlackElo "1982"]
[PlyCount "80"]

1. e4 e5 2. Nf3 d6 3. d4 exd4 4. Nxd4 Nf6 5. Nc3 Be7 6. Bc4 O-O 7. O-O Nfd7 8.
f4 Bf6 9. Be3 Nc5 10. Qf3 Nbd7 11. a3 Nb6 12. Ba2 Ne6 13. Rad1 Nxd4 14. Bxd4
Bxd4+ 15. Rxd4 Qf6 16. e5 dxe5 17. fxe5 Qxf3 18. Rxf3 Be6 19. Bxe6 fxe6 20. Nb5
Rxf3 21. gxf3 Kf7 22. c3 Ke7 23. Nxc7 Rc8 24. Nb5 Rf8 25. Nxa7 Rxf3 26. Rb4 Nd5
27. Rxb7+ Kf8 28. Kg2 Rf5 29. Nc6 Ne3+ 30. Kg3 h5 31. h4 Nf1+ 32. Kg2 Ne3+ 33.
Kg1 Rf1+ 34. Kh2 Nf5 35. Nd8 Ne3 36. Nxe6+ Kg8 37. Nxg7 Rf2+ 38. Kg3 Rf1 39.
Nxh5 Nf5+ 40. Kg2 Ne3+ 1-0

[Event "5. Nord-West-Cup"]
[Site "?"]
[Date "2003.??.??"]
[Round "7"]
[White "Brandt, Wilhelm"]
[Black "Jordan, Jürgen"]
[Result "0-1"]
[WhiteElo "1848"]
[BlackElo "2094"]
[PlyCount "68"]

1. d4 Nf6 2. c4 e5 3. d5 Bc5 4. e3 O-O 5. Nc3 d6 6. Bd3 Qe7 7. Qc2 c6 8. Nge2
Na6 9. a3 cxd5 10. cxd5 Nc7 11. b4 Bb6 12. Qb3 Bd7 13. Ng3 Ng4 14. a4 a5 15. b5
f5 16. Nd1 f4 17. Nf1 e4 18. Be2 fxe3 19. Nfxe3 Nxf2 20. Nxf2 Rxf2 21. Kxf2
Qf6+ 22. Kg3 Qe5+ 23. Kf2 Rf8+ 24. Ke1 Qxa1 25. Qb1 Qf6 26. Rf1 Qh4+ 27. Kd2
Bxe3+ 28. Kxe3 Qg5+ 29. Kd4 Qe5+ 30. Kc4 Rc8 31. Kb3 Nxd5 32. Bb2 Nc3 33. Bc4+
Rxc4 34. Kxc4 Be6# 0-1

[Event "5. Nord-West-Cup"]
[Site "?"]
[Date "2003.??.??"]
[Round "7"]
[White "Nedkov, Petar"]
[Black "Boss, Igor"]
[Result "0-1"]
[WhiteElo "2149"]
[BlackElo "1806"]
[PlyCount "111"]

1. Nf3 Nf6 2. b3 c5 3. e3 Nc6 4. Bb2 b6 5. d4 cxd4 6. exd4 e6 7. a3 Bb7 8. Nc3
Be7 9. Bd3 O-O 10. Qd2 Rc8 11. O-O Qc7 12. Rfe1 Qb8 13. Ne4 Qa8 14. Nxf6+ Bxf6
15. Ne5 Nb8 16. f3 Be7 17. Qf4 d6 18. Ng4 Nd7 19. Qg3 Kh8 20. Qh3 g6 21. f4 d5
22. Nh6 Bf6 23. g4 Nc5 24. f5 Nxd3 25. Qxd3 Kg7 26. g5 Bxg5 27. Ng4 exf5 28.
Ne5 Bc6 29. Qf3 Bf6 30. Bc1 Qb7 31. Qh3 h5 32. Bd2 Bd7 33. c3 Be6 34. Qe3 Rh8
35. Nf3 Rce8 36. h4 Bd7 37. Qf2 Re4 38. Rxe4 dxe4 39. Ne5 Be6 40. c4 Qe7 41.
Be1 Qd6 42. Bb4 Qd8 43. Be1 Bxe5 44. dxe5 Qd3 45. Rc1 Qxb3 46. Rc3 Qa4 47. c5
bxc5 48. Rxc5 Qxa3 49. Ra5 Qh3 50. Rxa7 Qg4+ 51. Kh2 Rd8 52. Bd2 Rd3 53. Be3 f4
54. Qxf4 Qh3+ 55. Kg1 Rd1+ 56. Kf2 0-1

[Event "5. Nord-West-Cup"]
[Site "?"]
[Date "2003.??.??"]
[Round "7"]
[White "Szyszka, Arkadi"]
[Black "Wichelmann, Martin"]
[Result "1/2-1/2"]
[WhiteElo "1772"]
[BlackElo "2119"]
[PlyCount "133"]

1. d4 Nf6 2. c4 c5 3. d5 b5 4. cxb5 a6 5. b6 Qxb6 6. Nc3 e6 7. e4 Bb7 8. Bc4 g6
9. Nf3 Bg7 10. O-O O-O 11. e5 Nxd5 12. Nxd5 exd5 13. Bxd5 Nc6 14. Bf4 Rad8 15.
Qd2 Nb4 16. Bxb7 Qxb7 17. a3 Nc6 18. Rac1 Qb5 19. Bh6 Rfe8 20. Bxg7 Kxg7 21.
Rfe1 c4 22. Qg5 h6 23. Qf6+ Kg8 24. Qf4 Kg7 25. Rxc4 Re6 26. b4 Rde8 27. Rce4
Qd5 28. R4e3 R8e7 29. h4 h5 30. Kh2 Re8 31. R1e2 R8e7 32. Rd2 Qb5 33. Rde2 a5
34. bxa5 Qxa5 35. g3 Qd5 36. a4 Qa5 37. Rb2 Qd5 38. Rb5 Qd1 39. Ng5 Qf1 40.
Nxe6+ Rxe6 41. Rd5 Re7 42. a5 Kg8 43. Rc5 Re6 44. Rf3 Re7 45. Qf6 Qe2 46. Re3
Qa2 47. a6 Re6 48. Qf4 Qxa6 49. Rf3 Re7 50. Rd5 Qe2 51. Re3 Qb2 52. Kg2 Qb7 53.
Kh2 Qb2 54. g4 hxg4 55. h5 gxh5 56. Qg5+ Kf8 57. Qh6+ Kg8 58. Kg3 Re6 59. Qg5+
Rg6 60. Qxh5 Qa1 61. Kg2 Qa8 62. Rc5 Nd4+ 63. Kg3 Ne6 64. Rc1 Ng7 65. Qh1 Nf5+
66. Kf4 Qxh1 67. Rxh1 1/2-1/2

[Event "5. Nord-West-Cup"]
[Site "?"]
[Date "2003.??.??"]
[Round "7"]
[White "Campe, Uwe"]
[Black "Paust, Wolf-Dieter"]
[Result "0-1"]
[WhiteElo "1765"]
[BlackElo "2107"]
[PlyCount "82"]

1. d4 d5 2. c4 dxc4 3. Nf3 Nf6 4. Nc3 a6 5. e3 b5 6. a4 b4 7. Na2 e6 8. Bxc4
Be7 9. O-O O-O 10. b3 Bb7 11. Bb2 Nc6 12. Nc1 Na5 13. Be2 c5 14. Ne5 Nd7 15.
Nc4 Bf6 16. Rb1 Nxc4 17. Bxc4 Be4 18. Bd3 Bxd3 19. Qxd3 Qb6 20. Ne2 Rfd8 21.
Qe4 Rac8 22. Rbc1 a5 23. g3 Qa6 24. Rc2 c4 25. bxc4 Rxc4 26. Rfc1 Rdc8 27. Qd3
Nb6 28. g4 R8c7 29. Ng3 Qc8 30. Rxc4 Rxc4 31. Rxc4 Qxc4 32. Qe4 Qd5 33. Qc2 g6
34. Qc7 Nxa4 35. Qc8+ Kg7 36. e4 Qa2 37. Bc1 Bxd4 38. Bh6+ Kxh6 39. Qf8+ Kg5
40. h4+ Kxg4 41. Qxf7 Qxf2+ 0-1

[Event "5. Nord-West-Cup"]
[Site "?"]
[Date "2003.??.??"]
[Round "7"]
[White "Kohlmann, Christian"]
[Black "Rychlik, Kurt"]
[Result "1-0"]
[WhiteElo "1719"]
[BlackElo "2058"]
[PlyCount "73"]

1. e4 g6 2. d4 Bg7 3. c3 d6 4. Bc4 Nf6 5. Qc2 c6 6. Be3 b5 7. Bd3 Ng4 8. Nd2
O-O 9. Ngf3 Nxe3 10. fxe3 Bh6 11. h4 f6 12. h5 g5 13. e5 f5 14. O-O-O e6 15. g4
c5 16. dxc5 dxc5 17. gxf5 exf5 18. Bxb5 Be6 19. Nc4 Qe7 20. Nd6 g4 21. Nh4
Bxe3+ 22. Kb1 Qg5 23. Bd3 Nc6 24. Ndxf5 Nxe5 25. Nxe3 Qxe3 26. Bxh7+ Kg7 27.
Rde1 Qg5 28. h6+ Kf6 29. Qf2+ Nf3 30. Nxf3 Bf5+ 31. Bxf5 Qxf5+ 32. Ka1 gxf3 33.
h7 Kg7 34. a3 Rf7 35. h8=Q+ Rxh8 36. Qg3+ Kf6 37. Rxh8 1-0

[Event "5. Nord-West-Cup"]
[Site "?"]
[Date "2003.??.??"]
[Round "7"]
[White "Lange, Detlef"]
[Black "Köhne, Arno"]
[Result "0-1"]
[WhiteElo "1630"]
[BlackElo "2030"]
[PlyCount "115"]

1. e4 c6 2. d4 d5 3. e5 c5 4. c4 e6 5. Nf3 cxd4 6. Nxd4 Qc7 7. Be2 Bb4+ 8. Bd2
Bxd2+ 9. Nxd2 Bd7 10. Rc1 Qxe5 11. N2f3 Qd6 12. Nb5 Bxb5 13. c5 Qa6 14. Bxb5+
Qxb5 15. Nd4 Qa5+ 16. Rc3 Nf6 17. O-O Nc6 18. Nxc6 bxc6 19. Rg3 Rg8 20. Qd4 Ke7
21. b4 Qc7 22. a4 Rgb8 23. Rb1 a6 24. Rbb3 Ne4 25. Rge3 Qf4 26. f3 Qf6 27. Rxe4
Qxd4+ 28. Rxd4 Rb7 29. Rd1 Rab8 30. Rdb1 e5 31. Kf2 f5 32. g3 e4 33. Ke3 Ke6
34. Kf4 h6 35. fxe4 fxe4 36. Ke3 Rf8 37. Kd4 Rf2 38. b5 axb5 39. axb5 Rxb5 40.
Rxb5 cxb5 41. Rxb5 Rd2+ 42. Ke3 Rd3+ 43. Ke2 Rc3 44. Rb6+ Ke5 45. c6 Kd6 46.
c7+ Kxc7 47. Rg6 Rc2+ 48. Ke3 Rxh2 49. Kd4 Rd2+ 50. Ke3 Rd3+ 51. Ke2 Kd7 52.
Rxg7+ Ke6 53. Rg6+ Kf5 54. Rxh6 Rxg3 55. Kf2 Rf3+ 56. Ke2 d4 57. Ra6 Rc3 58.
Ra5+ 0-1

[Event "5. Nord-West-Cup"]
[Site "?"]
[Date "2003.??.??"]
[Round "7"]
[White "Heirich, Andreas"]
[Black "Lammers, Philipp"]
[Result "1/2-1/2"]
[WhiteElo "1852"]
[BlackElo "1657"]
[PlyCount "90"]

1. d4 Nf6 2. c4 e6 3. Nc3 d5 4. Bg5 Be7 5. e3 O-O 6. Nf3 a6 7. Bd3 dxc4 8. Bxc4
c5 9. dxc5 Qa5 10. O-O Qxc5 11. Qe2 b5 12. Bb3 Bb7 13. Rac1 Bxf3 14. Qxf3 Qa7
15. Bc2 Nbd7 16. Ne4 Rac8 17. Bb1 Rc7 18. h4 Rfc8 19. Rxc7 Qxc7 20. Nxf6+ Nxf6
21. h5 Qc5 22. Bh4 Qb4 23. Qb7 Re8 24. g3 Nxh5 25. Bxe7 Qxe7 26. Qxa6 Qg5 27.
Qc6 Rd8 28. Qf3 g6 29. Kg2 Nf6 30. Rd1 Rxd1 31. Qxd1 Ng4 32. e4 h5 33. Kf1 h4
34. gxh4 Qxh4 35. Qe1 Nh2+ 36. Kg2 Qf4 37. Qe3 Qxe3 38. fxe3 Ng4 39. Bd3 Nxe3+
40. Kf3 Nd1 41. Bxb5 Nxb2 42. a4 Nxa4 43. Bxa4 e5 44. Kg4 f6 45. Bd7 Kf7
1/2-1/2

[Event "5. Nord-West-Cup"]
[Site "?"]
[Date "2003.??.??"]
[Round "7"]
[White "Petzold, Golo"]
[Black "Bruckmann, Thomas"]
[Result "1-0"]
[WhiteElo "1824"]
[BlackElo "1415"]
[PlyCount "99"]

1. d4 b6 2. c4 Bb7 3. Nc3 e6 4. e4 d6 5. Bd3 Nf6 6. f3 Be7 7. Nge2 O-O 8. O-O
Nbd7 9. b3 c5 10. Bb2 Ne8 11. Na4 e5 12. d5 Nc7 13. f4 f6 14. f5 Kf7 15. Rf3
Rh8 16. Rg3 Qg8 17. Nec3 Bf8 18. Qg4 Ke7 19. Rf1 Bc8 20. Bc1 Qf7 21. Be2 Nb8
22. Qh4 Kd8 23. a3 Bd7 24. Nb5 Qe7 25. Nxc7 Kxc7 26. Nc3 a5 27. Bd2 Be8 28. Rb1
Na6 29. Rf3 Qf7 30. Na2 Be7 31. Qf2 Bd7 32. Rc3 Rag8 33. Be3 g6 34. Bg4 h5 35.
fxg6 Rxg6 36. Bxd7 Kxd7 37. Qf5+ Kc7 38. Bf2 Rhg8 39. Rg3 Rxg3 40. Bxg3 Rg5 41.
Qf3 Qh7 42. Rf1 Rg4 43. h3 Rg6 44. Bh4 Qg7 45. Rf2 Qh8 46. Nc3 Qh6 47. Nb5+ Kb8
48. Qf5 Rg7 49. Qd7 Qc1+ 50. Kh2 1-0

[Event "5. Nord-West-Cup"]
[Site "?"]
[Date "2003.??.??"]
[Round "7"]
[White "Kerski, Björn-Ole"]
[Black "Lammers, Markus"]
[Result "1-0"]
[WhiteElo "1805"]
[BlackElo "2137"]
[PlyCount "73"]

1. d4 f5 2. Nf3 g6 3. h4 h6 4. Ne5 d6 5. Nxg6 Rh7 6. Nxf8 Kxf8 7. Nc3 Nc6 8.
Bf4 Nf6 9. e3 e6 10. Qd2 h5 11. Bg5 Kg7 12. O-O-O d5 13. f3 a6 14. Be2 b5 15.
Bd3 Rh8 16. g4 hxg4 17. fxg4 b4 18. Ne2 fxg4 19. Rdf1 Rf8 20. Ng3 Qe8 21. e4
Ng8 22. e5 Rf3 23. Bh6+ Nxh6 24. Qg5+ Kf8 25. Qxh6+ Ke7 26. Qg5+ Kd7 27. Rxf3
gxf3 28. Nh5 Qf8 29. Nf6+ Kd8 30. Nxd5+ Kd7 31. Nf6+ Kd8 32. d5 Ne7 33. d6 c5
34. dxe7+ Qxe7 35. Rd1 Bb7 36. Be4+ Kc8 37. Bxb7+ 1-0

[Event "5. Nord-West-Cup"]
[Site "?"]
[Date "2003.??.??"]
[Round "7"]
[White "Thamm, Oliver"]
[Black "Hammer, Klaus"]
[Result "0-1"]
[WhiteElo "2123"]
[BlackElo "1803"]
[PlyCount "46"]

1. c4 e5 2. Nc3 Nf6 3. g3 d5 4. cxd5 Nxd5 5. Bg2 Nb6 6. d3 Nc6 7. Nf3 Be7 8.
O-O O-O 9. Ne1 Be6 10. Nc2 Qd7 11. b3 Rad8 12. Ba3 f5 13. Bxe7 Qxe7 14. Qe1 Rf6
15. Rc1 Qd7 16. Ne3 f4 17. Bxc6 bxc6 18. Ne4 Rh6 19. Nc5 Qe7 20. Nxe6 Qxe6 21.
Ng2 Qh3 22. Nh4 g5 23. Nf3 g4 0-1

[Event "5. Nord-West-Cup"]
[Site "?"]
[Date "2003.??.??"]
[Round "7"]
[White "Segelken, Peter"]
[Black "Eickelkamp, Jan-Hendrik"]
[Result "1-0"]
[WhiteElo "2009"]
[BlackElo "1572"]
[PlyCount "37"]

1. d4 Nf6 2. Nc3 d5 3. Bg5 e6 4. f3 h6 5. Bh4 Bb4 6. Qd3 Nbd7 7. O-O-O O-O 8.
e4 Bxc3 9. Qxc3 dxe4 10. Qe1 exf3 11. Nxf3 c5 12. g4 Qb6 13. g5 hxg5 14. Bxg5
Qc7 15. Qh4 Nd5 16. Bd3 N7f6 17. Rhg1 cxd4 18. Bxf6 Nxf6 19. Rxg7+ 1-0

[Event "5. Nord-West-Cup"]
[Site "?"]
[Date "2003.??.??"]
[Round "7"]
[White "Titze, Karsten"]
[Black "Carstens, Manfred"]
[Result "1-0"]
[WhiteElo "1940"]
[BlackElo "1669"]
[PlyCount "47"]

1. Nc3 d5 2. d4 Nf6 3. Bg5 Ne4 4. Nxe4 dxe4 5. e3 c6 6. Qd2 g6 7. Bc4 Bg7 8. f3
f5 9. fxe4 fxe4 10. Ne2 Nd7 11. O-O-O b5 12. Bb3 a5 13. Rhf1 Nf6 14. Bxf6 exf6
15. a3 Qe7 16. d5 c5 17. d6 Qd7 18. Bd5 Ra7 19. Qc3 c4 20. Rxf6 Bxf6 21. Qxf6
Rf8 22. Qe5+ Kd8 23. Nd4 Ra6 24. Ne6+ 1-0

[Event "5. Nord-West-Cup"]
[Site "?"]
[Date "2003.??.??"]
[Round "7"]
[White "Meyer, Thorsten"]
[Black "Haase, Sven"]
[Result "0-1"]
[WhiteElo "1978"]
[BlackElo "1652"]
[PlyCount "46"]

1. e4 c5 2. Nf3 g6 3. Bc4 Bg7 4. O-O Nc6 5. Re1 d6 6. h3 Nf6 7. c3 Nxe4 8.
Bxf7+ Kxf7 9. Rxe4 Rf8 10. d4 cxd4 11. cxd4 Bf5 12. Re1 Qb6 13. d5 Bxb2 14.
Bxb2 Qxb2 15. Nbd2 Nd4 16. Ng5+ Kg8 17. Rxe7 Rae8 18. Rxe8 Rxe8 19. Nc4 Ne2+
20. Kh1 Qf6 21. h4 Bc2 22. Qxc2 Qxa1+ 23. Kh2 Qg1+ 0-1

[Event "5. Nord-West-Cup"]
[Site "?"]
[Date "2003.??.??"]
[Round "7"]
[White "Wichmann, Ralph"]
[Black "Merettig, Georg"]
[Result "1/2-1/2"]
[WhiteElo "1928"]
[BlackElo "1688"]
[PlyCount "73"]

1. e4 c5 2. Nf3 g6 3. Bc4 Bg7 4. O-O Nc6 5. Nc3 a6 6. a4 Nf6 7. d3 O-O 8. Be3
b6 9. Qd2 Ng4 10. Bf4 Nd4 11. Nxd4 cxd4 12. Ne2 e5 13. Bg5 Qc7 14. h3 Nf6 15.
f4 Nxe4 16. Bxf7+ Rxf7 17. dxe4 Bb7 18. fxe5 Qxe5 19. Rxf7 Kxf7 20. Re1 Bxe4
21. Nc1 d5 22. Nd3 Qe8 23. Nf2 Kg8 24. Qf4 Be5 25. Qh4 Qc6 26. Nxe4 dxe4 27.
Rxe4 Re8 28. Re1 Re6 29. Kh1 Qd6 30. Bf4 Kg7 31. Rxe5 Rxe5 32. Bxe5+ Qxe5 33.
Qd8 Qc5 34. Qd7+ Kh6 35. Qg4 Qe5 36. Qf3 Qf5 37. Qe2 1/2-1/2

[Event "5. Nord-West-Cup"]
[Site "?"]
[Date "2003.??.??"]
[Round "7"]
[White "Teixeira, Jose"]
[Black "Bienhüls, Michael"]
[Result "0-1"]
[WhiteElo "1750"]
[BlackElo "1919"]
[PlyCount "58"]

1. e4 c5 2. Nc3 Nc6 3. g3 g6 4. Bg2 Bg7 5. d3 d6 6. f4 Rb8 7. Nf3 b5 8. O-O e6
9. f5 exf5 10. exf5 Bxf5 11. Ng5 Ne5 12. Bd5 Nf6 13. Bg2 O-O 14. Bf4 h6 15.
Nge4 Bg4 16. Qd2 Nxe4 17. Nxe4 Kh7 18. c3 b4 19. d4 Nc4 20. Qc1 bxc3 21. bxc3
cxd4 22. cxd4 Rc8 23. Kh1 Qb6 24. Rb1 Qxd4 25. Rb7 f5 26. Bxh6 Na5 27. Rc7 Rxc7
28. Qxc7 Kxh6 29. Qxa5 fxe4 0-1

[Event "5. Nord-West-Cup"]
[Site "?"]
[Date "2003.??.??"]
[Round "7"]
[White "Mader, Sascha"]
[Black "Ungar, Benedict"]
[Result "1-0"]
[WhiteElo "1907"]
[BlackElo "1590"]
[PlyCount "21"]

1. e4 Nc6 2. d4 e5 3. Nf3 exd4 4. Bc4 d5 5. exd5 Bb4+ 6. c3 dxc3 7. O-O Qf6 8.
dxc6 cxb2 9. Qe2+ Ne7 10. Bxb2 Qxc6 11. Bb5 1-0

[Event "5. Nord-West-Cup"]
[Site "?"]
[Date "2003.??.??"]
[Round "7"]
[White "Aßmus, Sven"]
[Black "Sturm, Tobias"]
[Result "1-0"]
[WhiteElo "1719"]
[BlackElo "1848"]
[PlyCount "53"]

1. c4 Nf6 2. Nc3 g6 3. e4 d6 4. d4 Bg7 5. f4 O-O 6. Nf3 c5 7. d5 Nbd7 8. Be2
Ne8 9. O-O e5 10. Rb1 b6 11. Qc2 Rb8 12. f5 gxf5 13. exf5 Ndf6 14. Bg5 Qd7 15.
Nd2 a6 16. a4 h6 17. Bh4 Nh7 18. Nde4 Bf6 19. Nxf6+ Nhxf6 20. Qd2 Kh7 21. Bd3
Rh8 22. Rf3 Qe7 23. Rh3 Qf8 24. Bg5 h5 25. Ne4 Kg7 26. Bxf6+ Nxf6 27. Qg5+ 1-0

[Event "5. Nord-West-Cup"]
[Site "?"]
[Date "2003.??.??"]
[Round "7"]
[White "Brinkmann, Martin"]
[Black "Giese, Stefan"]
[Result "0-1"]
[WhiteElo "1622"]
[BlackElo "1829"]
[PlyCount "61"]

1. e4 e6 2. d4 b6 3. Be3 Bb7 4. Nd2 d6 5. Bd3 g6 6. f4 Bg7 7. Ngf3 Ne7 8. O-O
O-O 9. f5 exf5 10. exf5 Nd7 11. g4 Nd5 12. Bf2 Nf4 13. Bg3 Nxd3 14. cxd3 gxf5
15. g5 Re8 16. Rc1 Nf8 17. Rc4 Ba6 18. Qc2 Bxc4 19. dxc4 Qd7 20. h4 f4 21. Ne4
fxg3 22. Nf6+ Bxf6 23. gxf6 Qg4 24. Kg2 Qe4 25. Qc1 Qe3 26. Qb1 Qe2+ 27. Kg1
Re4 28. b4 Rf4 29. Qc1 Ng6 30. h5 Nh4 31. Qd2 0-1

[Event "5. Nord-West-Cup"]
[Site "?"]
[Date "2003.??.??"]
[Round "7"]
[White "Otte, Klaus"]
[Black "Rachut, Steffen"]
[Result "1/2-1/2"]
[WhiteElo "1541"]
[BlackElo "1813"]
[PlyCount "54"]

1. e4 c5 2. Nf3 d6 3. d4 cxd4 4. Nxd4 Nf6 5. Nc3 a6 6. Bd3 e6 7. O-O Be7 8. Kh1
O-O 9. f4 Qc7 10. Qf3 Nbd7 11. f5 Ne5 12. Qg3 Qb6 13. Nce2 Kh8 14. fxe6 fxe6
15. a4 Bd7 16. Be3 Qc7 17. Nf4 Qc8 18. Nf3 Nxf3 19. Rxf3 e5 20. Nd5 Nxd5 21.
Rxf8+ Qxf8 22. exd5 Qg8 23. c4 Rf8 24. b3 Qf7 25. Rf1 Qe8 26. Rxf8+ Qxf8 27.
Qf3 Qe8 1/2-1/2

[Event "5. Nord-West-Cup"]
[Site "?"]
[Date "2003.??.??"]
[Round "7"]
[White "Frenzel, Klaus-Dieter"]
[Black "Lukossek, Thomas"]
[Result "0-1"]
[WhiteElo "1363"]
[BlackElo "1755"]
[PlyCount "82"]

1. e4 e5 2. Nf3 Nc6 3. c3 d6 4. d4 exd4 5. cxd4 Nf6 6. Nc3 Be7 7. h3 O-O 8. Bb5
a6 9. Bxc6 bxc6 10. O-O Nd7 11. e5 Nb6 12. Re1 Rb8 13. Qe2 d5 14. Bf4 Bb4 15.
Rac1 Nc4 16. a3 Be7 17. Rb1 Bf5 18. b3 Nxa3 19. Rb2 Nb5 20. Nb1 Bxb1 21. Rexb1
Nc3 22. Qxa6 Nxb1 23. Rxb1 Rb6 24. Qd3 h6 25. g4 g5 26. Bg3 Kg7 27. Nd2 f6 28.
Nf3 Qc8 29. Re1 f5 30. e6 f4 31. Bh2 Rf6 32. h4 Rxe6 33. Ne5 Rxe5 34. Rxe5
Qxg4+ 35. Kh1 Bf6 36. Re8 f3 37. Qf1 Rxb3 38. Be5 Qxh4+ 39. Kg1 Qg4+ 40. Kh2
Qh5+ 41. Kg3 Qxe8 0-1

[Event "5. Nord-West-Cup"]
[Site "?"]
[Date "2003.??.??"]
[Round "7"]
[White "Boos, Hanspeter"]
[Black "Niemann, Heinrich"]
[Result "1-0"]
[WhiteElo "1866"]
[BlackElo "1586"]
[PlyCount "115"]

1. e4 e5 2. f4 exf4 3. Nf3 d5 4. exd5 Nf6 5. Bc4 Nxd5 6. O-O Bg4 7. c3 Be7 8.
Qb3 Nb6 9. Bxf7+ Kf8 10. Ne5 Bd7 11. Rxf4 Bf6 12. d4 Nc6 13. Nxd7+ Qxd7 14. Bh5
Qe7 15. Bd2 g6 16. Bg4 Re8 17. Na3 Kg7 18. Raf1 Rhf8 19. R4f2 Na5 20. Qb5 Nc6
21. Qd3 Bg5 22. Bxg5 Qxg5 23. Bf3 Nd5 24. Bxd5 Qxd5 25. b3 Ne5 26. Qg3 Rxf2 27.
Rxf2 Nf7 28. Qxc7 Re1+ 29. Rf1 Re2 30. Qg3 Rxa2 31. Nc4 b5 32. Ne3 Qd8 33. Qg4
Qe8 34. Nd5 a6 35. h4 Qc6 36. Qf3 Qe6 37. Nf4 Qe7 38. g3 Nd6 39. d5 Qe4 40.
Ne6+ Kh6 41. Qf8+ Kh5 42. Ng7+ Kg4 43. Rf4+ Kxg3 44. Rxe4 Ra1+ 45. Qf1 Rxf1+
46. Kxf1 Nxe4 47. Ne8 Nc5 48. b4 Nd7 49. Nc7 Nb8 50. d6 Kxh4 51. Nxa6 Nd7 52.
Nc7 Kg3 53. Nxb5 Kh2 54. c4 g5 55. Nd4 g4 56. c5 Ne5 57. b5 Nd3 58. d7 1-0

[Event "5. Nord-West-Cup"]
[Site "?"]
[Date "2003.??.??"]
[Round "7"]
[White "Christophers, Reinhard"]
[Black "Hrkac, Daniel"]
[Result "0-1"]
[WhiteElo "1575"]
[BlackElo "1859"]
[PlyCount "30"]

1. e4 d5 2. exd5 Qxd5 3. c4 Qe4+ 4. Qe2 Nf6 5. Qxe4 Nxe4 6. d3 Nd6 7. b3 Nc6 8.
Bb2 Bf5 9. Nf3 Nb4 10. Kd2 f6 11. a3 Nc6 12. Nc3 O-O-O 13. Re1 e5 14. Nh4 Nd4
15. b4 Nxc4+ 0-1

[Event "5. Nord-West-Cup"]
[Site "?"]
[Date "2003.??.??"]
[Round "7"]
[White "Leppert, Hans-Jürgen"]
[Black "Meyer, Eric"]
[Result "1-0"]
[WhiteElo "1822"]
[BlackElo "1568"]
[PlyCount "43"]

1. d4 d6 2. Bg5 g6 3. c4 Bg7 4. Nc3 Nf6 5. e4 O-O 6. Be2 Nbd7 7. Qd2 Re8 8. h3
c5 9. d5 a6 10. a4 Qc7 11. Nf3 Nf8 12. O-O e6 13. e5 dxe5 14. d6 Qb6 15. a5 Qa7
16. Nxe5 N8d7 17. f4 h5 18. Bd3 Rf8 19. Bc2 Kh8 20. g4 Qb8 21. gxh5 gxh5 22.
Qd3 1-0

[Event "5. Nord-West-Cup"]
[Site "?"]
[Date "2003.??.??"]
[Round "7"]
[White "Krabbe-Rachut, Helmut"]
[Black "Schallück, Hans-Christian"]
[Result "0-1"]
[WhiteElo "1705"]
[BlackElo "1567"]
[PlyCount "114"]

1. e4 d5 2. exd5 Qxd5 3. Nc3 Qa5 4. d4 c6 5. Nf3 Nf6 6. Bc4 Bf5 7. O-O e6 8. h3
Be7 9. Qe2 O-O 10. Nh4 Re8 11. Nxf5 Qxf5 12. Bd3 Qa5 13. Ne4 Nbd7 14. Ng5 Nf8
15. Nf3 N8d7 16. c3 Bd6 17. Qc2 Bf8 18. Bf4 g6 19. b4 Qd8 20. Rfe1 Nd5 21. Bg3
Be7 22. a3 N5f6 23. Re2 Nf8 24. Rd1 Bd6 25. Bh4 Be7 26. Ne5 Nh5 27. Bxe7 Qxe7
28. Qd2 Qf6 29. g3 Qg7 30. g4 Nf6 31. g5 Nh5 32. Ng4 f6 33. h4 f5 34. Nh6+ Kh8
35. Bc4 Rad8 36. Rde1 Rd6 37. Re5 b6 38. Qe3 Qd7 39. b5 Re7 40. Qf3 Ng7 41. a4
Qb7 42. Bb3 Qd7 43. bxc6 Qxc6 44. d5 Qc8 45. c4 Nd7 46. R5e2 Nc5 47. Bc2 Qb7
48. Qf4 Qd7 49. Qe5 Qd8 50. Qf6 Qe8 51. Qe5 Qd7 52. Qf6 Qe8 53. Re3 Nd7 54. Qd4
e5 55. Qb2 Qc8 56. Bb3 Qc5 57. Kg2 Nh5 0-1

[Event "5. Nord-West-Cup"]
[Site "?"]
[Date "2003.??.??"]
[Round "7"]
[White "Weller, Friedhelm"]
[Black "Meyer, Peter"]
[Result "1/2-1/2"]
[WhiteElo "1672"]
[BlackElo "1541"]
[PlyCount "100"]

1. e4 c6 2. d4 d5 3. e5 Bf5 4. Bd3 Bxd3 5. Qxd3 e6 6. f4 g6 7. Nf3 c5 8. c3 Nc6
9. Be3 cxd4 10. Nxd4 Nxd4 11. Bxd4 a6 12. Nd2 b5 13. a3 Nh6 14. Nb3 Nf5 15. Bf2
Rc8 16. O-O Be7 17. g4 Ng7 18. Qh3 h5 19. Rad1 Kd7 20. g5 Nf5 21. Rd3 Ke8 22.
Rfd1 Kf8 23. Qf3 Kg7 24. h4 Rc4 25. Nd2 Rc6 26. Kh2 Qa5 27. Kh3 Qa4 28. Nf1 Rc4
29. Bd4 Rhc8 30. Ne3 Nxe3 31. Qxe3 Bc5 32. R1d2 Kf8 33. Qe1 Bxd4 34. Rxd4 Rxd4
35. Rxd4 Qc2 36. Qd2 Qf5+ 37. Kh2 Qg4 38. Qf2 Kg7 39. a4 Rc4 40. axb5 Rxd4 41.
cxd4 axb5 42. b4 Qd1 43. Kg2 Qd3 44. Qb2 Qe4+ 45. Kg1 Qxf4 46. Qf2 Qf5 47. Qxf5
gxf5 48. Kf2 f4 49. Kf3 Kh7 50. Kxf4 Kg6 1/2-1/2